00526nam a2200193 a 4500001001300000003000900013005001700022008004100039020001300080082001500093100002100108245004300129260003900172300000800211500003500219505001700254650004000271700002100311nice12345678IN_TiNIC20260116012016.0050524s1977 phia grp 000 0 eng  ac146.2500a221.6bROB aRobertson, David aOld Testament and the Literary Critic. aPhiladelphiabFortress Pressc1977 a87p aincludes index and biblioraphy2 aBibliography aBible O.T. Criticism & Interpretati1 aRobertson, David